Statistics for Best Rap Songs 2021 (So Far)

Click here to take the quiz!

General Stats

  • This quiz has been taken 263 times
    (254 since last reset)
  • The average score is 13 of 51

Answer Stats

Artist(s)Song% Correct
Polo GRAPSTAR
81%
Lil Tjay, 6LACKCalling My Phone
71%
Sleepy Hallow2055
64%
Drake, Lil BabyWants And Needs
59%
Trippie Redd, Playboi CartiMiss The Rage
56%
Lil Nas X, Jack HarlowIndustry Baby
51%
Lil Tjay, Polo G, Fivio ForeignHeadshot
47%
Baby Keem, Kendrick LamarFamily Ties
45%
DJ Khaled, Lil Baby, Lil DurkEvery Chance I Get
37%
Drake, 21 Savage, Project PatKnife Talk
37%
J.Cole, 21 Savage, MorrayMy Life
35%
SpotemGottem, DaBabyBeatbox
34%
Kanye West, Playboi Carti, Fivio ForeignOff The Grid
34%
Kanye West, The Weeknd, Lil BabyHurricane
33%
Polo G, Lil WayneGang Gang
32%
Lil Tjay, Offset, Moneybagg YoRun It Up
32%
Drake, Future, Young ThugWay 2 Sexy
25%
Drake, Lil BabyGirls Want Girls
24%
Lil Baby, Lil Durk, Travis ScottHats Off
24%
Internet Money, Don Toliver, Gunna, Lil Uzi VertHis & Hers
23%
Roddy RicchLate At Night
23%
Tyler, The Creator, NBA Youngboy, Ty Dolla $ignWUSYANAME
23%
Drake, Travis ScottFair Trade
22%
Post MaloneMotley Crew
22%
YSL, Young Thug, GunnaSki
22%
Trippie Redd, Juice WRLDMatt Hardy 999
19%
NLE ChoppaFinal Warning
18%
Lil Baby, EST GeeReal As It Gets
18%
Only The Family, Lil DurkHellcats & Trackhawks
16%
Pop Smoke, Kanye West, Pusha TTell The Vision
16%
Pop Smoke, 21 Savage, 42 DuggBout A Million
15%
Rod WaveTombstone
15%
Moneybagg YoWockesha
15%
Polo G, The Kid Laroi, Lil DurkNo Return
14%
The Kid Laroi, Polo G, Stunna GambinoNot Sober
13%
Lil Tecca, GunnaRepeat It
13%
YSL, Young Thug, Gunna, DrakeSolid
13%
Tyler, The CreatorLumberjack
12%
DaBabyRed Light Green Light
12%
Drake, Jay-ZLove All
11%
Migos, DrakeHaving Our Way
10%
Doja CatNeed To Know
10%
24kGoldn, FutureCompany
9%
G Herbo, Polo G, Lil TjayCry No More
9%
BIA, Nicki MinajWhole Lotta Money
8%
Megan Thee StallionThot Shit
7%
Doja CatGet Into It
6%
Doja CatAint Shit
5%
Tyla Yaweh, Gunna, Wiz KhalifaAll The Smoke
4%
DDG, OG Parker, Lil YachtyRule 1
4%
Gunna9 Times Outta 10
3%

Score Distribution

Percentile by Number Answered

Percent of People with Each Score

Your Score History

You have not taken this quiz since the last reset